000 00935cam a22002531 4500
001 f 33000049
003 DLC
005 20260227111250.0
008 920605s1928 stkad f000 0 eng c
010 _af 33000049
035 _a(OCoLC)25957670
040 _aLibrary, U.S. Bur. of Fisheries
_cCSt
_dDLC
_dWaU
042 _apremarc
050 0 0 _aSH259
_b.A24 1928 no. 1
100 1 _aBowman, Alexander.
245 1 0 _aReview of the cod net fishing in the Moray firth
_b(with 6 figures)
_cby Alexander Bowman ...
260 _aEdinburgh,
_bH.M. Stationery Off.,
_c1928.
300 _a26 p. incl. tables, diagrs., chart.
_c27 cm.
490 0 _aScotland. Fishery Board. Scientific investigations,
_v1928, no. I
500 _aAt head of title: ... Fishery Board for Scotland.
650 0 _aAtlantic cod fisheries
_zScotland
_zMoray Firth.
650 0 _aFishing
_zScotland
_zMoray Firth.
740 0 _aCod net fishing in the Moray firth.
999 _c23344
_d23344